Letecké traťové majáky /

Main Author: Přibyl, Tomáš, 1975-
Language: Czech
Published: Brno : Technické muzeum v Brně, [2023]
Subjects:
Physical Description: 87 stran : ilustrace (některé barevné), faksimile ; 21 cm
Language note: Anglické resumé
Book
Saved in:
LEADER 02156nam a2200577 i 4500
001 nkc20233578838
003 CZ PrNK
005 20240403101557.0
007 ta
008 231218t20232023xr ah e 000 0 cze
015 |a cnb003578838 
020 |a 978-80-7685-041-5  |q (brožováno) 
035 |a (OCoLC)1433648509 
040 |a BOA001  |b cze  |e rda 
041 0 |a cze  |b eng 
043 |a e-cs--- 
045 |a x1x3 
072 7 |a 656.6/.7  |x Vodní a letecká doprava  |2 Konspekt  |9 4 
080 |a 656.7.057.4  |2 MRF 
080 |a 656.7  |2 MRF 
080 |a 629.7  |2 MRF 
080 |a 629.7(091)  |2 MRF 
080 |a (437)  |2 MRF 
080 |a (048.8)  |2 MRF 
100 1 |a Přibyl, Tomáš,  |d 1975-  |7 xx0009667  |4 aut 
245 1 0 |a Letecké traťové majáky /  |c Tomáš Přibyl 
264 1 |a Brno :  |b Technické muzeum v Brně,  |c [2023] 
264 4 |c ©2023 
300 |a 87 stran :  |b ilustrace (některé barevné), faksimile ;  |c 21 cm 
336 |a text  |b txt  |2 rdacontent 
337 |a bez média  |b n  |2 rdamedia 
338 |a svazek  |b nc  |2 rdacarrier 
504 |a Obsahuje bibliografii a bibliografické odkazy 
546 |a Anglické resumé 
648 7 |a 1918-1938  |7 ch460648  |2 czenas 
650 0 7 |a letecké traťové majáky  |7 ph1221452  |z Československo  |y 1918-1938  |2 czenas 
650 0 7 |a letový provoz  |7 ph216754  |z Československo  |y 1918-1938  |2 czenas 
650 0 7 |a letectví  |7 ph115130  |z Československo  |y 1918-1938  |2 czenas 
650 0 7 |a dějiny letectví  |7 ph488979  |z Československo  |y 1918-1938  |2 czenas 
650 0 9 |a airway beacons  |z Czechoslovakia  |y 1918-1938  |2 eczenas 
650 0 9 |a air traffic  |z Czechoslovakia  |y 1918-1938  |2 eczenas 
650 0 9 |a aviation  |z Czechoslovakia  |y 1918-1938  |2 eczenas 
650 0 9 |a history of aviation  |z Czechoslovakia  |y 1918-1938  |2 eczenas 
655 7 |a monografie  |7 fd132842  |2 czenas 
655 9 |a monographs  |2 eczenas 
910 2 |a BOA001  |b 2-1521.535 
990 |a BK 
995 |a 01 
991 |b 202402  |c NOV 
996 6 |b 2610961668  |c 2-1521.535  |l MZK  |r Sklad / do 1 hodiny  |n 0  |p p.v.  |w 001954537  |u 000010  |a 1  |e BOA001  |j MZK50  |s P 
996 7 |b 2610961669  |c 2-1521.535  |l MZK  |r Sklad / do 1 hodiny  |n 1  |p p.v.  |w 001954537  |u 000020  |a 1  |e BOA001  |j MZK50  |s A